| 000 | 01119cam a22003255i 4500 | ||
|---|---|---|---|
| 999 |
_c28490 _d28461 |
||
| 001 | 2105723 | ||
| 003 | EG-ScBUE | ||
| 005 | 20200716162904.0 | ||
| 008 | 960306t19971997nyua f b 001 0 eng d | ||
| 020 | _a0844257974 (pbk.) | ||
| 020 | _a9780844257976 (pbk.) | ||
| 040 |
_aDLC _beng _erda _cDLC _dDLC _dEG-ScBUE |
||
| 082 | 0 | 4 |
_a791.43015 _bBON _222 |
| 100 | 1 |
_aBone, Jan, _eauthor. |
|
| 245 | 1 | 0 |
_aUnderstanding the film : _ban introduction to film appreciation / _cJan Bone, Ron Johnson. |
| 250 | _aFifth edition. | ||
| 264 | 1 |
_aNew York : _bGlencoe / McGraw-Hill, _c[1997] |
|
| 264 | 4 | _cc1997 | |
| 300 |
_axiii, 351 pages : _billustrations ; _c23 cm |
||
| 336 |
_atext _btxt _2rdacontent |
||
| 337 |
_aunmediated _bn _2rdamedia |
||
| 338 |
_avolume _bnc _2rdacarrier |
||
| 504 | _aIncludes bibliographical references and index. | ||
| 650 | 7 |
_aMotion pictures _xAppreciation. _2BUEsh |
|
| 653 |
_bCOMAME _cJuly2020 |
||
| 655 |
_vReading book _934232 |
||
| 700 | 1 |
_aJohnson, Ron, _d1938- _eauthor. |
|
| 856 | 4 | 2 |
_3Publisher description _uhttp://www.loc.gov/catdir/enhancements/fy0602/96013299-d.html |
| 942 |
_2ddc _cBB |
||